Những kiến thức cơ bản về công nghệ sinh học
Khái niệm về công nghệ sinh học. Công nghệ sinh học và vấn đề năng lượng tái sinh, vấn đề bảo vệ môi trường. Công nghệ sinh học và vật liệu, di truyền học, y học. Công nghệ sinh học trong công nghiệp thực phẩm, sản xuất hoá chất, sản xuất nông nghiệp. Công nghệ nuôi cấy tế bào. Hiện trạng phát triển...
Saved in:
| Main Author: | |
|---|---|
| Other Authors: | |
| Format: | Book |
| Language: | Vietnamese |
| Published: |
H.
Giáo dục
1996
|
| Subjects: | |
| Tags: |
Add Tag
No Tags, Be the first to tag this record!
|
| Institutions: | Mạng thư viện Đại học Đà Nẵng |
|---|
| LEADER | 01647nam a22003738a 4500 | ||
|---|---|---|---|
| 001 | 000013540 | ||
| 003 | 9882 | ||
| 005 | 20120316140349.0 | ||
| 008 | 120316s1996 b 000 0 od | ||
| 020 | |c 13000đ |d 1000b | ||
| 041 | 0 | |a 0003 | |
| 041 | 0 | |a vie | |
| 080 | |a 608(098) | ||
| 082 | |a 660.6 |b NG-U | ||
| 084 | |a Ê16z9 |b NH556K | ||
| 100 | 1 | |a Nguyễn Văn Uyển |e Chủ biên | |
| 245 | 1 | 0 | |a Những kiến thức cơ bản về công nghệ sinh học |c Nguyễn Văn Uyển (ch.b), Nguyễn Tiến Thắng |
| 260 | |a H. |b Giáo dục |c 1996 | ||
| 300 | |a 230tr : hình vẽ, bảng |c 21cm | ||
| 520 | |a Khái niệm về công nghệ sinh học. Công nghệ sinh học và vấn đề năng lượng tái sinh, vấn đề bảo vệ môi trường. Công nghệ sinh học và vật liệu, di truyền học, y học. Công nghệ sinh học trong công nghiệp thực phẩm, sản xuất hoá chất, sản xuất nông nghiệp. Công nghệ nuôi cấy tế bào. Hiện trạng phát triển công nghệ sinh học | ||
| 653 | |a Công nghệ sinh học | ||
| 653 | |a Sách thường thức | ||
| 653 | |a ứng dụng | ||
| 700 | 1 | |a Nguyễn Tiến Thắng |e Tác giả | |
| OWN | |a LSP | ||
| AVA | |a UDN50 |b LSP |d 660.6 NG-U |e available |t Error 5001 Not defined in file expand_doc_bib_avail. |f 8 |g 0 |h N |i 0 |k 1 | ||
| 999 | |a From the UDN01 | ||
| AVA | |a UDN50 |b LSP |d 660.6 NG-U |e available |t Error 5001 Not defined in file expand_doc_bib_avail. |f 8 |g 0 |h N |i 0 |k 1 | ||
| TYP | |a Monograph | ||
| TYP | |a Printed language | ||
| 980 | |a Mạng thư viện Đại học Đà Nẵng | ||